Fr. Conceicao Rodrigues College of Engineering

Car Hand Book. (Record no. 29443)

MARC details
000 -LEADER
fixed length control field 00310nam a2200145Ia 4500
082 ## - DEWEY DECIMAL CLASSIFICATION NUMBER
Classification number 629.2222
100 ## - MAIN ENTRY--PERSONAL NAME
Personal name Robert Ireson
245 ## - TITLE STATEMENT
Title Car Hand Book.
260 ## - PUBLICATION, DISTRIBUTION, ETC.
Name of publisher, distributor, etc. The english danguape book society.
Date of publication, distribution, etc. 2001
300 ## - PHYSICAL DESCRIPTION
Extent 379
546 ## - LANGUAGE NOTE
Language note ENGLISH
650 ## - SUBJECT ADDED ENTRY--TOPICAL TERM
Topical term or geographic name entry element General
654 ## - SUBJECT ADDED ENTRY--FACETED TOPICAL TERMS
Focus term Car HB.
942 ## - ADDED ENTRY ELEMENTS (KOHA)
Koha item type BOOK
Holdings
Withdrawn status Lost status Damaged status Not for loan Collection Home library Current library Date acquired Cost, normal purchase price Total Checkouts Full call number Barcode Date last seen Price effective from Koha item type
        AFT Fr. Agnel's C.Rodrigues College of Engineering Fr. Agnel's C.Rodrigues College of Engineering 17/03/2023 3.00   629.2222 AFT690 17/03/2023 17/03/2023 BOOK